| 000 | 00682nam a2200253Ia 4500 | ||
|---|---|---|---|
| 003 | OSt | ||
| 005 | 20221005100057.0 | ||
| 006 | a|||||r|||| 00| 0 | ||
| 007 | ta | ||
| 008 | 221004b |||||||| |||| 00| 0 mar d | ||
| 024 | _a40122 | ||
| 037 | _cTextual | ||
| 040 |
_aCRL _cCRL _bmar |
||
| 041 |
_2mar _amar |
||
| 082 | _aO15,2D81,1, 155J3 | ||
| 100 |
_aDeval K.Govin _9620649 |
||
| 245 | 0 | _aSangeet marchkatik | |
| 260 |
_aPune _bBalwan prakashan India |
||
| 300 |
_a114p. _ccm. |
||
| 650 | _a SANSKRIT LITERATURE | ||
| 650 |
_aMARATHI LITERATURE _938000 |
||
| 942 |
_hO15,2D81,1, 155J3 _cTEXL _2cc |
||
| 999 |
_c1004587 _d1004587 |
||